Tercer Congreso Internacional del Teatro : estudios y comunicaciones estudios y comunicaciones
Descripción Física:
2 v. : 163 i 153 p. ; 17 cm
Materias:
Teatre -- Congressos
MARC
| LEADER | 00000nam a2200000Ia 4500 | ||
|---|---|---|---|
| 001 | 8358, 8359 | ||
| 003 | BGR | ||
| 005 | 20260324175250.0 | ||
| 008 | 160829s1929 xx 000 0 cat d | ||
| 080 | |a B-1-243, B-1-244 | ||
| 111 | |a Congreso Internacional del Teatro |c (Barcelona : |d 1929) |9 71184 | ||
| 245 | |a Tercer Congreso Internacional del Teatro : |b estudios y comunicaciones | ||
| 260 | |a Barcelona : |b Instituto del Teatro Nacional, |c 1929 | ||
| 300 | |a 2 v. : |b 163 i 153 p. ; |c 17 cm | ||
| 650 | |a Teatre |x Congressos |9 36496 | ||
| 710 | 1 | |a Barcelona (Catalunya : Província). |b Diputació |9 52408 | |
| 710 | 1 | |a Institut del Teatre (Barcelona, Catalunya) |9 52662 | |
| 901 | |a Arxiu | ||
| 942 | |n 1 |2 udc |c MON | ||
| 952 | |0 0 |1 0 |4 0 |6 B1243_B1244 |7 1 |9 42908 |a Arxiu |b Arxiu |d 2016-12-01 |l 0 |o B-1-243, B-1-244 |p 8358, 8359 |r 2016-12-01 00:00:00 |w 2016-12-01 |y ARXIU | ||
| 999 | |c 45414 |d 45414 | ||